Osaka Metro Stations with a map - Statistics

General Stats
  • This quiz has been taken 208 times
    194 since last reset
  • The average score is 63 of 134
Answers on the Map
Answers color-coded by a green-red scale on the quiz's map according to % correct below.
 
Answer Stats
Answer % Correct
Namba なんば・難波
96%
Umeda 梅田
93%
Shin Osaka 新大阪
84%
Tennoji 天王寺
82%
Hommachi (Semba Nishi) 本町(船場西)
81%
Shinsaibashi 心斎橋
80%
Dobutsuenmae (Shinsekai) 動物園前(新世界)
78%
Nishi Umeda 西梅田
78%
Esaka 江坂
74%
Yumeshima 夢洲
74%
Higashi Umeda 東梅田
73%
Naka Mozu なかもず
72%
Yodoyabashi 淀屋橋
72%
Nippombashi 日本橋
67%
Tanimachi 6 Chome 谷町六丁目
67%
Nakatsu 中津
65%
Tanimachi 9 Chome 谷町九丁目
65%
Cosmosquare コスモスクエア
64%
Yotsubashi 四ツ橋
64%
Morinomiya 森ノ宮
63%
Nishinakajima Minamigata 西中島南方
63%
Osakako (Tempozan) 大阪港(天保山)
63%
Tanimachi 4 Chome 谷町四丁目
63%
Tengachaya 天下茶屋
63%
Abiko あびこ
61%
Daikokucho 大国町
61%
Bentencho 弁天町
60%
Kyobashi 京橋
60%
Sakaisuji Hommachi (Semba Higashi) 堺筋本町(船場東)
60%
Tenjimbashisuji 6 Chome 天神橋筋六丁目
60%
Kitahama 北浜
57%
Kujo 九条
57%
Tsuruhashi 鶴橋
56%
Dainichi 大日
55%
Awaza 阿波座
54%
Imazato 今里
53%
Higashi Mikuni 東三国
52%
Nagata 長田
52%
Nagai 長居
51%
Nodahanshin 野田阪神
51%
Taisho 大正
51%
Tsurumi Ryokuchi 鶴見緑地
51%
Yao Minami 八尾南
51%
Higobashi 肥後橋
48%
Suminoe Koen 住之江公園
48%
Suminoekoen 住之江公園
48%
Dome Mae Chiyozaki (Kyocera Dome Osaka) ドーム前千代崎(京セラドーム大阪)
47%
Moriguchi 守口
47%
Nagahoribashi 長堀橋
47%
Asashiobashi 朝潮橋
46%
Tamatsukuri 玉造
45%
Abeno 阿倍野
44%
Minami Morimachi 南森町
44%
Sakaisuji Hommachi (Semba Higashi) 堺筋本町(船場東)
44%
Shin Kanaoka 新金岡
44%
Tamade 玉出
40%
Temmabashi 天満橋
40%
Ebisucho (Nippomabashisuji) 恵比須町(日本橋筋)
39%
Kita Hanada 北花田
39%
Kadoma Minami 門真南
38%
Midoribashi 緑橋
38%
Nakazakicho 中崎町
38%
Showacho 昭和町
38%
Kire Uriwari 喜連瓜破
37%
Minami Tatsumi 南巽
37%
Osaka Business Park (Osakajo Hall Mae) 大阪ビジネスパーク(大阪城ホール前)
37%
Shitennojimae Yuhigaoka 四天王寺前夕陽ヶ丘
37%
Gamo 4 Chome 蒲生四丁目
35%
Kishinosato 岸里
34%
Kita Tatsumi 北巽
34%
Matsuyamachi 松屋町
33%
Nishi Nagahori 西長堀
33%
Ogimachi 扇町
33%
Takaida 高井田
33%
Kita Kagaya 北加賀屋
31%
Miyakojima 宮古島
31%
Itakano 井高野
30%
Nishi Tanabe 西田辺
30%
Nishi Ohashi 西大橋
29%
Sakuragawa 桜川
29%
Sekime Takadono 関目高殿
29%
Hanazonocho 花園町
28%
Taishibashi Imaichi 太子橋今市
28%
Ferry Terminal フェリーターミナル
27%
Fuminosato 文の里
27%
Hirano 平野
27%
Sekime Seiiku 関目成育
27%
Port Town Nishi ポートタウン西
26%
Noe Uchindai 野江内代
25%
Port Town Higashi ポートタウン東
25%
Trade Center Mae トレードセンター前
25%
Naka Futo 中ふ頭
24%
Shigino 鴫野
24%
Sembayashi Omiya 千林大宮
22%
Tamagawa 玉川
22%
Fukaebashi 深江橋
20%
Imafuku Tsurumi 今福鶴見
20%
Nagahara 長原
20%
Nanko Higashi 南港東
19%
Tanabe 田辺
19%
Zuiko 4 Chome 瑞光四丁目
19%
Daido Toyosato だいどう豊里
18%
Deto 出戸
18%
Hirabayashi 平林
18%
Yokozutsumi 横堤
18%
Komagawa Nakano 駒川中野
17%
Nanko Guchi 南港口
17%
Shimizu 清水
17%
Shin Fukae 新深江
15%
Shoji 小路
13%
Shimmori Furuichi 新森古市
11%
No matching quizzes found
Score Distribution
Percent of People with Each Score
Percentile by Number Answered
Your Score History
You have not taken this quiz since the last reset